000 01234nam a2200289 a 4500
001 42455
003 BD-RUCL
005 20211209053538.0
008 160613r19741968ii a b 000 0 eng d
035 _a(BD-RUCL)42573
040 _aDLC
_cBD-RUCL
_dBD-RUCL
_dEQO
_beng
041 _aeng
082 _a331
_bHAE 1974
_223
100 1 _aHarbison, Frederick
_925702
245 1 0 _aEducation, manpower, and economic growth :
_bstrategies of human resource development /
_cFrederick Harbison, Charles A. Myers
250 _aIndian ed. (1968)
260 _aNew Delhi :
_bOxfoard & IBH Publishing Co.,
_cc1964 [Reprint 1974]
300 _axiii, 229 p. :
_bill. ;
_c24 cm
490 1 _aMcGraw-Hill series in international development
500 _a"A joint project of the Industrial Relations Section, Princeton University, and the Industrial Relations Section, Massachusetts Institute of Technology, as part of the Inter-university Study of Labor Problems in Economic Development." Includes Index
650 0 _aLabor supply
_925703
650 0 _aEducation
_925704
650 0 _aEconomic development
_925705
700 1 _aMyers, Charles A.
_925706
830 0 _aMcGraw-Hill series in international development
_9130600
942 _2ddc
_cBK
999 _c42455
_d42455